|
|
|
|
| LEADER |
00000nam0a2200000 4500 |
| 001 |
26372 |
| 005 |
20231030201558.0 |
| 010 |
|
|
|a 5020300454
|
| 035 |
|
|
|a (RuTPU)RU\TPU\book\26615
|
| 035 |
|
|
|a BOOK00026690
|
| 090 |
|
|
|a 26372
|
| 100 |
|
|
|a 20011209d1992 k y0rusy50 ca
|
| 101 |
0 |
|
|a rus
|
| 102 |
|
|
|a RU
|
| 105 |
|
|
|a y z 001zy
|
| 200 |
1 |
|
|a Физика земных катастрофических явлений
|f В. В. Кузнецов
|g Институт геологии и геофизики
|
| 210 |
|
|
|a Новосибирск
|c Наука
|d 1992
|
| 215 |
|
|
|a 92 с.
|
| 225 |
1 |
|
|a Труды Института геологии и геофизики
|v Вып. 809
|
| 320 |
|
|
|a Библиогр.: с. 90-93 (96 назв.)
|
| 610 |
1 |
|
|a катастрофы
|
| 610 |
1 |
|
|a математические исследования
|
| 610 |
1 |
|
|a грозные явления
|
| 610 |
1 |
|
|a геофизика
|
| 610 |
1 |
|
|a сейсмичность
|
| 610 |
1 |
|
|a вулканы
|
| 610 |
1 |
|
|a ураганы
|
| 675 |
|
|
|a 550.3
|v 3
|
| 700 |
|
1 |
|a Кузнецов
|b В. В.
|g Владимир Валерьевич
|
| 712 |
0 |
2 |
|a Академия наук СССР
|b Сибирское отделение
|b Институт геологии и геофизики
|2 stltpush
|3 (RuTPU)RU\TPU\col\128
|
| 801 |
|
0 |
|a RU
|b 63413507
|c 20011209
|g PSBO
|
| 801 |
|
2 |
|a RU
|b 63413507
|c 20070916
|g PSBO
|
| 942 |
|
|
|c BK
|